| 000 | 02504cam a2200577Li 4500 | ||
|---|---|---|---|
| 001 | ocn762743876 | ||
| 003 | TZ-ArACH | ||
| 005 | 20130522143845.0 | ||
| 008 | 110622s2011 fr o000 0 fre d | ||
| 015 |
_a01134547 _2bnf |
||
| 016 | 7 |
_aFRBNF424558510000002 _2FrPBN |
|
| 020 | _a9782110086624 (br) | ||
| 020 | _a2110086629 (br) | ||
| 035 | _a(OCoLC)762743876 | ||
| 040 |
_aBDF _encafnor _bfre _cTZ-ArACH _dLVB _dUQ1 |
||
| 041 | _aFre | ||
| 049 | _aTZAA | ||
| 050 |
_aK3570 _b.T78 |
||
| 082 | 1 | 4 |
_a347.067 _222 |
| 245 | 0 | 3 |
_aRelation juge-expert dans les contentieux sanitaires et environnementaux / _csous la direction d'Ève Truilhe-Marengo ; [publié par le] Centre d'études et de recherches internationales et communautaires, Université Aix-Marseille III. |
| 260 |
_aParis : _bDocumentation française, _c2011 |
||
| 300 |
_a1 vol. (394 p.) : _bCouv. ill. en coul. ; _c24 cm. |
||
| 490 | 0 | _aMonde européen et international | |
| 500 | _aBibliogr. et webliogr. p. 361-387. | ||
| 650 | 7 |
_aExpertises. _910868 |
|
| 650 | 7 |
_aJugements. _910869 |
|
| 650 | 7 |
_aResponsabilité pour dommages à l'environnement. _910870 |
|
| 650 | 7 |
_aSanté publique _xDroit. _910871 |
|
| 650 | 6 |
_aExpertises. _910872 |
|
| 650 | 6 |
_aJugements. _910873 |
|
| 650 | 6 |
_aResponsabilité pour dommages à l'environnement. _910874 |
|
| 650 | 6 |
_aSanté publique _xDroit. _910875 |
|
| 650 | 6 |
_aEnvironnement _xDroit. _910876 |
|
| 650 | 7 |
_aDroit. _910877 |
|
| 650 | 7 |
_aDroit international. _910878 |
|
| 650 | 7 |
_aEnquête environnementale. _910879 |
|
| 650 | 7 |
_aExpert judiciaire. _910880 |
|
| 650 | 1 | 7 |
_aExpertise judiciaire. _910881 |
| 650 | 7 |
_aJugement (Droit) _2rasuqam _910882 |
|
| 650 | 7 |
_aSanté publique. _910883 |
|
| 651 | 7 |
_aFrance. _910884 |
|
| 700 | 1 |
_aTruilhé-Marengo, Ève. _4pbd _910885 |
|
| 710 | 2 |
_aCentre d'études et de recherches internationales et communautaires (Aix-en-Provence, Bouches-du-Rhône) _4edt _910886 |
|
| 760 | 0 |
_tMonde européen et international, _d2011 _x1284-0424 _w(FrPBN)36943913 |
|
| 856 | 4 | 2 |
_3Notice et cote du catalogue de la Bibliothèque nationale de France _uhttp://catalogue.bnf.fr/ark:/12148/cb42455851s |
| 886 | 1 |
_2intermrc _a009 _ba--d--------------- |
|
| 886 | 2 |
_2intermrc _a680 _b0- _a340 _b340 |
|
| 942 |
_2lcc _cBOOK |
||
| 999 |
_c2348 _d2348 |
||